| 000 | 00489nam a2200181 a 4500 | ||
|---|---|---|---|
| 001 | 5643 | ||
| 003 | CO-ViMGA | ||
| 008 | 141112s2004 ck r 000 u spa d | ||
| 040 |
_aCO-ViMGA _bspa _cCO-ViMGA |
||
| 082 | 0 | 4 | _a153.42 B656p |
| 100 | 1 |
_aBono, Edward de _94051 |
|
| 245 | 1 | 0 |
_aEl pensamiento paralelo : _bde sócrates a de bono |
| 260 |
_aBarcelona : _bPaidós, _c1994 |
||
| 300 | _a272 p : il | ||
| 490 | _aPaidós contextos, 28 | ||
| 650 | 1 | 4 |
_aPENSAMIENTO _95104 |
| 942 |
_2ddc _cBK |
||
| 999 |
_c17625 _d17625 |
||